Co je třeba udělat pro rozvoj finsko - čs. obchodu?

Rozhovor s obchodným radcom veľvyslanectva Fínskej republiky v ČSFR. Nedostatok vzájomnej informovanosti ako pretrvávajúca prekážka vzájomných vzťahov. Problémom je i hlboká depresia fínskej ekonomiky. Údaje o Fínskych obchodných dňoch 5.-6.5.1992 v Prahe. Najrizikovejšie faktory pôsobenia fínskych...

ver descrição completa

Na minha lista:
Detalhes bibliográficos
Autor principal: Peltoranta, P.
Outros Autores: Tomášová, L.
Formato: Capítulo de Livro
Idioma:tcheco
Assuntos:
Tags: Adicionar Tag
Sem tags, seja o primeiro a adicionar uma tag!

MARC

LEADER 00000naa a2200000 4500
001 r007872
005 20220831085155.4
041 0 |a cze 
044 |a [CS] 
245 1 0 |a Co je třeba udělat pro rozvoj finsko - čs. obchodu?  |c P. Peltoranta, L. Tomášová 
520 |a Rozhovor s obchodným radcom veľvyslanectva Fínskej republiky v ČSFR. Nedostatok vzájomnej informovanosti ako pretrvávajúca prekážka vzájomných vzťahov. Problémom je i hlboká depresia fínskej ekonomiky. Údaje o Fínskych obchodných dňoch 5.-6.5.1992 v Prahe. Najrizikovejšie faktory pôsobenia fínskych firiem v ČSFR. 
610 2 0 |a obchod zahraničný 
610 2 0 |a Fínsko 
610 2 0 |a ČSFR 
100 1 |a Peltoranta, P. 
700 1 |a Tomášová, L.